000147525 001__ 147525
000147525 005__ 20241217145104.0
000147525 037__ $$aTAZ-TFG-2023-1727
000147525 041__ $$aspa
000147525 1001_ $$aGarcía Sicilia Sofía
000147525 24200 $$aMarriage and free love in the anarcho-feminist thought of Emma Goldman
000147525 24500 $$aEl matrimonio y el amor libre en el pensamiento anarcofeminista de Emma Goldman
000147525 260__ $$aZaragoza$$bUniversidad de Zaragoza$$c2023
000147525 506__ $$aby-nc-sa$$bCreative Commons$$c3.0$$uhttp://creativecommons.org/licenses/by-nc-sa/3.0/
000147525 520__ $$aEn el presente Trabajo de Fin de Grado (TFG) se pretende investigar y exponer realizando una modalidad de trabajo académico específico, el tratamiento del concepto del amor, matrimonio y sexualidad en el pensamiento feminista dentro de la corriente anarquista. Serán estos tres los fundamentales, pero se tocarán conceptos como la maternidad, la prostitución, la anarquía relacional, entre otros. Tomando como autora de referencia y siguiendo su línea de pensamiento a la reconocida Emma Goldman, aunque aparecerán referencias en comparativas a autoras como Federica Montseny u otros ácratas y estudiosos de la corriente que nos atañe. Se va por lo tanto a elaborar un ensayo expositivo de sus ideas, visión y experiencia vivida del concepto consolidada tanto con su bibliografía propia como con ensayos o artículos secundarios que referencian tanto su pensamiento como el del momento. <br /><br />
000147525 521__ $$aGraduado en Filosofía
000147525 540__ $$aDerechos regulados por licencia Creative Commons
000147525 700__ $$aHernández Piñero, María Aránzazu$$edir.
000147525 7102_ $$aUniversidad de Zaragoza$$b $$c
000147525 8560_ $$f738703@unizar.es
000147525 8564_ $$s375487$$uhttps://zaguan.unizar.es/record/147525/files/TAZ-TFG-2023-1727.pdf$$yMemoria (spa)
000147525 909CO $$ooai:zaguan.unizar.es:147525$$pdriver$$ptrabajos-fin-grado
000147525 950__ $$a
000147525 951__ $$adeposita:2024-12-17
000147525 980__ $$aTAZ$$bTFG$$cFFYL
000147525 999__ $$a20230605181244.CREATION_DATE